| 000 | 00671cab a2200181 4500 | ||
|---|---|---|---|
| 001 | L135874 | ||
| 008 | 061213n2006 000 0 eng u | ||
| 035 | _a(Sirsi) u135874 | ||
| 041 | 0 | _aeng | |
| 100 | 1 | _aMcIntosh, M. | |
| 245 | 0 | 0 |
_aUpdate _brepairs |
| 260 | _c2006 | ||
| 490 | 0 |
_aSolicitors' Journal _v150(45) 24 November 2006, 1529-1530(2) |
|
| 520 | _aProvides a useful update of cases heard over the last year that have dealt with the following issues related to repairs: obligation to repair; drafting issues; damages; service charge; and break clauses. | ||
| 590 | _aKA | ||
| 690 | _aPROPERTY-COMMERCIAL PROPERTY-COMMERCIAL LANDLORD AND TENANT | ||
| 942 | _n0 | ||
| 999 |
_c78058 _d78058 |
||